Mocsár Gábor hatvanéves
Elmentve itt :
| Szerző: | |
|---|---|
| Dokumentumtípus: | Cikk |
| Megjelent: |
1981
|
| Sorozat: | Tiszatáj
35 No. 2 |
| Kulcsszavak: | Mocsár Gábor, Magyar irodalom - 20. sz. - életmű - életrajz |
| Online Access: | http://tiszataj.bibl.u-szeged.hu/11264 |
| LEADER | 00602nab a2200181 i 4500 | ||
|---|---|---|---|
| 001 | tisza11264 | ||
| 005 | 20200330142852.0 | ||
| 008 | 170620s1981 hu o 0|| hun d | ||
| 022 | |a 0133-1167 | ||
| 040 | |a SZTE Tiszatáj Archívum |b hun | ||
| 041 | |a hun | ||
| 100 | 1 | |a Bata Imre | |
| 245 | 1 | 0 | |a Mocsár Gábor hatvanéves |h [elektronikus dokumentum] / |c Bata Imre |
| 260 | |c 1981 | ||
| 300 | |a 33-37 | ||
| 490 | 0 | |a Tiszatáj |v 35 No. 2 | |
| 695 | |a Mocsár Gábor, Magyar irodalom - 20. sz. - életmű - életrajz | ||
| 856 | 4 | 0 | |u http://tiszataj.bibl.u-szeged.hu/11264/1/tiszataj_1981_002_033-037.pdf |z Dokumentum-elérés |